Cycles of fire : stars, galaxies, and the wonder of deep space /

Bibliographic Details
Main Author: Hartmann, William K.
Other Authors: Miller, Ron, 1947-
Format: Book
Language:English
Published: New York : Workman Pub., [1987]
Subjects:

MARC

Tag First Indicator Second Indicator Subfields
LEADER 00000cam a2200000 a 4500
001 in00000764607
005 20151016171500.0
008 870727s1987 nyua 00110 eng
010 |a  87021778  
020 |a 0894805029 (pbk.) :  |c $14.95 
020 |a 089480510X (hard) 
035 |a (OCoLC)16405499 
035 |9 ADJ8998AM 
040 |a DLC  |c DLC  |d TXA  |d UtOrBLW 
049 |a [Curr Col] TXAM  |c [A11703587]  |a TXAS [scif]  |c 2 
050 0 0 |a QB801  |b .H26 1987 
082 0 |a 523.8  |2 19 
100 1 |a Hartmann, William K. 
245 1 0 |a Cycles of fire :  |b stars, galaxies, and the wonder of deep space /  |c written by William K. Hartmann ; paintings by William K. Hartmann and Ron Miller ; with Pamela Lee and Tom Miller. 
264 1 |a New York :  |b Workman Pub.,  |c [1987] 
264 4 |c ©1987 
300 |a 189 pages :  |b illustrations (chiefly color) ;  |c 26 cm. 
336 |a text  |b txt  |2 rdacontent 
337 |a unmediated  |b n  |2 rdamedia 
338 |a volume  |b nc  |2 rdacarrier 
500 |a Includes index. 
650 0 |a Stars. 
650 0 |a Galaxies. 
650 0 |a Astrophysics. 
700 1 |a Miller, Ron,  |d 1947- 
999 |a MARS 
999 f f |s aa860e27-abaf-346d-8a0e-120f8d13374d  |i 5dd09fe8-a6ab-3c3c-83c8-8199c871b7e7  |t 0 
952 f f |p noncirc  |a Texas A&M University  |b College Station  |c Cushing Memorial Library & Archives  |d Cushing: Science Fiction (Does not check out)  |t 0  |e QB801 .H26 1987  |h Library of Congress classification  |i unmediated -- volume 
952 f f |p normal  |a Texas A&M University  |b College Station  |c Sterling C. Evans Library  |d Evans: Library Stacks  |t 0  |e QB801 .H26 1987  |h Library of Congress classification  |i unmediated -- volume  |m A14811703587 
998 f f |a QB801 .H26 1987  |t 0  |l Evans: Library Stacks 
998 f f |a QB801 .H26 1987  |t 0  |l Cushing: Science Fiction (Does not check out)